[Event "Dos Hermanas op"]
[Site "Dos Hermanas"]
[Date "1998.??.??"]
[Round "8"]
[White "Vallejo Pons, Francisco"]
[Black "Ubilava, Elizbar"]
[Result "0-1"]
[WhiteElo "2415"]
[BlackElo "2540"]

1.e4 d6 2.d4 Nf6 3.Nc3 g6 4.g3 Nc6 5.Bg2 e5 6.dxe5 Nxe5 7.h3 Bg7 8.Nge2 O-O
9.O-O Re8 10.b3 Bd7 11.a4 Nc6 12.Ba3 a5 13.Qd2 Nb4 14.Rae1 c6 15.Nc1 Qb6
16.N3a2 c5 17.c4 Nxa2 18.Qxa2 Bc6 19.Qc2 Re7 20.f3 Rae8 21.Rd1 Nh5 22.Ne2 f5
23.Rxd6 Bxe4 24.Qd1 Bc6 25.Rf2 Be5 26.Rd5 Bxg3 27.Bxc5 Bxf2+ 28.Bxf2 Qxf2+
29.Kxf2 Rxe2+ 30.Qxe2 Rxe2+ 31.Kxe2 Nf4+  0-1

[Event "ESP-chT"]
[Site "Salamanca"]
[Date "1998.??.??"]
[Round "1"]
[White "Vallejo Pons, Francisco"]
[Black "Iruzubieta, Jesus Maria"]
[Result "1-0"]
[WhiteElo "2450"]
[BlackElo "2420"]

1.e4 g6 2.d4 Bg7 3.Nc3 d6 4.Nge2 Nf6 5.g3 O-O 6.Bg2 c6 7.a4 a5 8.O-O e5 9.h3 Na6
10.Be3 exd4 11.Bxd4 Qc7 12.g4 Be6 13.f4 Rfe8 14.Ng3 Bc4 15.Rf3 c5 16.Bxf6 Bxf6
17.b3 Be6 18.e5 dxe5 19.Nge4 Bg7 20.f5 Rad8 21.Qe2 Bc8 22.Raf1 gxf5 23.gxf5 f6
24.Rg3 Kh8 25.Qh5 Rf8 26.Nb5 Qf7 27.Qxf7 Rxf7 28.Ned6 Rfd7 29.Rd1 Nb4 30.c3 Nc6
31.Rgd3 Rf8 32.Nxc8 Rxd3 33.Rxd3 Rxc8 34.Rd7 Bf8 35.Rxb7 c4 36.bxc4 Ne7 37.Nd6 Rc5
38.Rb5 Rc7  1-0

[Event "ESP-chT"]
[Site "Salamanca"]
[Date "1998.??.??"]
[Round "2"]
[White "Garcia Caballero, Luis"]
[Black "Vallejo Pons, Francisco"]
[Result "1/2-1/2"]
[WhiteElo "2200"]
[BlackElo "2450"]

1.e4 e6 2.d4 d5 3.Nc3 Nf6 4.e5 Nfd7 5.f4 c5 6.Nf3 Nc6 7.Ne2 f6 8.c3 Qb6 9.exf6 Nxf6
10.Qb3 Qa5 11.Be3 b6 12.Ng3 Bd7 13.Qd1 Bd6 14.Qd2 O-O 15.Bd3 Ng4 16.Ne5 Nxe3
17.Nxc6 Bxc6 18.Qxe3 Bd7 19.O-O cxd4 20.cxd4 Rac8 21.Nh5 Rf7 22.Ng3 b5 23.a3 Qb6
24.b4 a5 25.Rab1 axb4 26.axb4 g6 27.Ne2 Ra8 28.Rb3 Re8 29.Bb1 Ref8 30.g3 Qb8
31.Rc1 Rf6 32.Kg2 R8f7 33.Ng1 Qf8  1/2-1/2

[Event "ESP-chT"]
[Site "Salamanca"]
[Date "1998.??.??"]
[Round "5"]
[White "Vallejo Pons, Francisco"]
[Black "Medina Garcia, Antonio Angel"]
[Result "1-0"]
[WhiteElo "2450"]
[BlackElo "2370"]

1.e4 e5 2.Nf3 Nc6 3.Nc3 Nf6 4.g3 Bc5 5.Bg2 d6 6.d3 a6 7.Be3 Bg4 8.h3 Bxf3
9.Qxf3 Nd4 10.Qd1 c6 11.O-O Qe7 12.Ne2 Nxe2+ 13.Qxe2 O-O-O 14.c4 h5 15.Rab1 Kb8
16.b4 Bxe3 17.fxe3 h4 18.g4 Rd7 19.a4 Nh7 20.Qa2 b6 21.d4 Ka8 22.a5 b5 23.d5 Rc8
24.dxc6 Rxc6 25.cxb5 axb5 26.Qd5 Rc7 27.Rbc1 Qd7 28.Rxf7 Qxf7 29.Rxc6 Qxd5
30.exd5 Rd7 31.Ra6+ Kb7 32.Rb6+ Ka7 33.Bf1 Ng5 34.Bxb5 Rf7 35.Bc6  1-0

[Event "ESP-chT"]
[Site "Salamanca"]
[Date "1998.??.??"]
[Round "6"]
[White "Garcia Padron, Jose"]
[Black "Vallejo Pons, Francisco"]
[Result "1-0"]
[WhiteElo "2460"]
[BlackElo "2450"]

1.e4 e6 2.d3 d5 3.Qe2 Nc6 4.Nf3 e5 5.exd5 Qxd5 6.Nc3 Bb4 7.Bd2 Bxc3 8.Bxc3 Bg4
9.Qe4 Bxf3 10.Qxf3 Qxf3 11.gxf3 f6 12.Bd2 Nge7 13.f4 Ng6 14.fxe5 Ncxe5 15.Be2 Nh4
16.O-O-O Nef3 17.Be3 O-O-O 18.d4 Rhe8 19.c3 g5 20.Rd3 h6 21.Kc2 f5 22.Bd1 Re7
23.Bd2 Nxd2 24.Kxd2 Rde8 25.Bh5 Rf8 26.Bd1 Rfe8 27.Rg1 Re4 28.Re3 Rxe3 29.fxe3 Kd7
30.Kd3 c6 31.c4 Rf8 32.Rf1 Ke7 33.b4 f4 34.exf4 Ng2 35.c5 Nxf4+ 36.Kc4 Rd8
37.Bf3 Kf6 38.b5 cxb5+ 39.Kxb5 Rxd4 40.Bxb7 Rd2 41.c6 Rc2 42.a4 Ke7 43.Ka6 Nd5
44.Kxa7 Ra2 45.Re1+ Kd6 46.Kb8 Rxa4 47.Rd1  1-0

[Event "ESP-chT"]
[Site "Salamanca"]
[Date "1998.??.??"]
[Round "8"]
[White "Vallejo Pons, Francisco"]
[Black "Oms Pallise, Josep"]
[Result "1/2-1/2"]
[WhiteElo "2450"]
[BlackElo "2440"]

1.e4 c6 2.d4 d5 3.Nd2 dxe4 4.Nxe4 Nd7 5.Ng5 Ngf6 6.Bd3 e6 7.N1f3 Bd6 8.Qe2 h6
9.Ne4 Nxe4 10.Qxe4 Qc7 11.Qg4 Kf8 12.Bd2 c5 13.O-O Nf6 14.Qh4 b6 15.dxc5 bxc5
16.Bc3 Nd5 17.Be5 Bxe5 18.Nxe5 Bb7 19.Rae1 g5 20.Qg3 Nf4 21.Be4 Kg7 22.Nd3 Rab8
23.b3 Ba6 24.c4 Rbd8 25.Nxf4 Qxf4 26.Qc3+ Rd4 27.Qa5 Qd6 28.g3 h5 29.Re3 h4
30.Rfe1 Rd2 31.Bf3 hxg3 32.hxg3 Rd3 33.Rxd3 Qxd3 34.Be4 Qd6 35.b4 cxb4 36.Qxg5+ Kf8
37.c5 Qd4 38.c6 Rg8 39.Qf4 Ke7 40.Qh4+ Qf6 41.Qh5 Qd4 42.Rd1 Rxg3+ 43.Bg2 Rd3
44.Qg5+ Kf8 45.Rxd3 Qxd3 46.Qf4 Kg7 47.Qe5+ Kg8 48.Qb8+ Kg7 49.Qxb4 Qd1+
50.Kh2 Qh5+ 51.Kg1  1/2-1/2

[Event "Capablanca mem Premier I"]
[Site "Havana"]
[Date "1999.05.07"]
[Round "1"]
[White "Szekely, Peter"]
[Black "Vallejo Pons, Francisco"]
[Result "1/2-1/2"]
[WhiteElo "2444"]
[BlackElo "2494"]

1.Nf3 d5 2.d4 Nf6 3.c4 dxc4 4.e3 e6 5.Bxc4 c5 6.dxc5 Qxd1+ 7.Kxd1 Bxc5 8.Ke2 Ke7
9.b3 Rd8 10.Bb2 a6 11.Nbd2 Nbd7 12.Bd3  1/2-1/2

[Event "Capablanca mem Premier I"]
[Site "Havana"]
[Date "1999.05.08"]
[Round "2"]
[White "Vallejo Pons, Francisco"]
[Black "Matamoros Franco, Carlos S"]
[Result "1-0"]
[WhiteElo "2494"]
[BlackElo "2458"]

1.Nf3 Nf6 2.c4 c5 3.Nc3 Nc6 4.d4 cxd4 5.Nxd4 e6 6.a3 Bc5 7.Nb3 Be7 8.e4 O-O
9.Be2 b6 10.O-O Ba6 11.f4 Rc8 12.Be3 d6 13.Bf2 Nb8 14.Nd2 Bb7 15.Rc1 Nbd7
16.b4 h6 17.Bd3 a6 18.Qe2 Re8 19.Rfd1 Qc7 20.Bg3 g6 21.Rf1 Bf8 22.h3 Bg7
23.Bh2 Nh7 24.Kh1 Qb8 25.Nd1 b5 26.Ne3 bxc4 27.Nexc4 Qc7 28.Rc2 Qb8 29.Qf2 d5
30.f5 e5 31.fxg6 fxg6 32.Qf7+ Kh8 33.exd5 Ndf8 34.Na5 Rxc2 35.Bxc2 Ba8 36.Ne4 Qd8
37.Nc6 Bxc6 38.dxc6  1-0

[Event "Capablanca mem Premier I"]
[Site "Havana"]
[Date "1999.05.12"]
[Round "5"]
[White "Vallejo Pons, Francisco"]
[Black "Roeder, Mathias"]
[Result "1-0"]
[WhiteElo "2494"]
[BlackElo "2448"]

1.e4 c5 2.Nf3 d6 3.d4 cxd4 4.Nxd4 Nf6 5.f3 e5 6.Nb3 Be6 7.c4 Nbd7 8.Be3 b5
9.cxb5 d5 10.N1d2 dxe4 11.fxe4 Bb4 12.a3 Bxb3 13.Qxb3 Bxd2+ 14.Bxd2 Nxe4
15.Bb4 Ndc5 16.Qe3 Qb6 17.Bxc5 Nxc5 18.Qxe5+ Ne6 19.O-O-O O-O 20.Kb1 Rac8
21.Bd3 Nc5 22.Bc4 Qg6+ 23.Ka1 Rfe8 24.Qd5 Ne6 25.Rhe1 Qf6 26.Rf1 Qh4 27.Bb3 Rcd8
28.Qf3 Rxd1+ 29.Rxd1 Qxh2 30.Rd7 Qg1+ 31.Ka2 Ng5 32.Qf5 Qc1 33.Bxf7+  1-0

[Event "Capablanca mem Premier I"]
[Site "Havana"]
[Date "1999.05.15"]
[Round "8"]
[White "Herrera, Irisberto"]
[Black "Vallejo Pons, Francisco"]
[Result "0-1"]
[WhiteElo "2450"]
[BlackElo "2494"]

1.e4 e6 2.d4 d5 3.Nc3 Nf6 4.e5 Nfd7 5.f4 c5 6.Nf3 Nc6 7.Be3 cxd4 8.Nxd4 Qb6
9.Qd2 Qxb2 10.Rb1 Qa3 11.Bb5 Ndb8 12.O-O Qa5 13.Nb3 Qd8 14.f5 a6 15.Be2 Nxe5
16.Na4 Nbc6 17.Bb6 Qd6 18.Nbc5 exf5 19.Bf3 Nxf3+ 20.Rxf3 Be7 21.Rd3 d4 22.Nb3 O-O
23.Nxd4 Qf6 24.Nc3 Be6 25.Rg3 Rfd8 26.Nce2 Bxa2 27.Bxd8 Rxd8 28.Rd1 Bc5 29.c3 Bc4
30.Kh1 g6 31.Re3 b5 32.Qe1 Bxe2 33.Rxe2 Nxd4 34.cxd4 Rxd4 35.Re8+ Kg7 36.Rc1 Rc4
37.Rd1 Qc3 38.Qe2 b4 39.Rc8 Re4 40.Qf1 Qe5 41.Rcd8 Rd4 42.R8xd4 Bxd4 43.Qc4 Bc3
44.Qxa6 b3 45.Qd3 b2 46.Rb1 Bd4 47.Qb3 Qe4 48.Rf1 h5 49.Qd1 Be5 50.Qb3 Qe2
51.Qf3 Qxf3 52.gxf3 Bf4  0-1

[Event "Capablanca mem Premier I"]
[Site "Havana"]
[Date "1999.05.17"]
[Round "9"]
[White "Vallejo Pons, Francisco"]
[Black "Podgaets, Mikhail"]
[Result "1/2-1/2"]
[WhiteElo "2494"]
[BlackElo "2484"]

1.e4 e5 2.Nf3 Nc6 3.Nc3 Nf6 4.g3 Bc5 5.Bg2 d6 6.d3 a6 7.O-O Be6 8.h3 O-O
9.a3 h6 10.Be3 Bxe3 11.fxe3 d5 12.exd5 Nxd5 13.Qe1 Qd7 14.g4 Nxc3 15.Qxc3 Rae8
16.Nh4 Bd5 17.Bxd5 Qxd5 18.Nf5 f6 19.Rf2 Kh7 20.Raf1 Rf7 21.Qe1 Nd8 22.Ng3 Ne6
23.h4 Ref8 24.Qe2 Kg8 25.b4 a5 26.Ne4 axb4 27.axb4 Qb5 28.Qe1 Qb6 29.Rf5 Nf4
30.Kf2  1/2-1/2

[Event "Capablanca mem Premier I"]
[Site "Havana"]
[Date "1999.05.19"]
[Round "11"]
[White "Vallejo Pons, Francisco"]
[Black "Abreu, Arian"]
[Result "1-0"]
[WhiteElo "2494"]
[BlackElo "2410"]

1.e4 c5 2.Nf3 d6 3.d4 cxd4 4.Nxd4 Nf6 5.Nc3 a6 6.Be3 e5 7.Nb3 Be7 8.f3 Be6
9.Qd2 O-O 10.O-O-O a5 11.Bb5 Nbd7 12.Qf2 Ne8 13.Kb1 Nc7 14.a4 Nxb5 15.Nxb5 Qc8
16.Nxd6 Bxd6 17.Rxd6 b5 18.axb5 Qb8 19.Rxe6 fxe6 20.c4 Rc8 21.Rc1 a4 22.Nc5 Qd6
23.Nxd7 Qd3+ 24.Qc2 Qxd7 25.Ka2 Rab8 26.Qd2 Qe7 27.b6 Rd8 28.Qc3 Qd6 29.c5 Qc6
30.Qc4 Rb7 31.Rc3 Rbd7 32.Ra3 Ra8 33.Qc3 Kf7 34.Qc2 h6 35.h3 Kg8 36.Rd3 Rad8
37.Rxd7 Rxd7 38.Qc4 Kf7 39.g3 Rd1 40.f4 exf4 41.gxf4 Kf8 42.Bd4 Re1 43.Qb4 e5
44.b7 Qe6+ 45.b3 axb3+ 46.Kb2 Kf7 47.b8=Q  1-0

[Event "Capablanca mem Premier I"]
[Site "Havana"]
[Date "1999.05.20"]
[Round "12"]
[White "Otero, Diosmany"]
[Black "Vallejo Pons, Francisco"]
[Result "1/2-1/2"]
[WhiteElo "2403"]
[BlackElo "2494"]

1.e4 e6 2.d4 d5 3.e5 c5 4.c3 Nc6 5.Nf3 Nh6 6.Bd3 cxd4 7.cxd4 Nf5 8.Be3 Be7
9.Nc3 Nxe3 10.fxe3 f5 11.exf6 Bxf6 12.Qb1 g6 13.O-O Qe7 14.e4 O-O 15.e5 Bg7
16.Kh1 Bh6 17.Nb5 Bd7 18.a3 g5 19.h3 g4 20.hxg4 Bf4 21.Qe1 Qg7 22.g3 Bh6
23.g5 Bxg5 24.Nxg5 Qxg5 25.Rd1 Kh8 26.Kg2 Kg7 27.Qd2 Qxd2+ 28.Rxd2 a6 29.Nd6 Nxd4
30.Nxb7 Rxf1 31.Bxf1 Nb3 32.Rd3 Ba4 33.Rc3 Rf8 34.Nd6 h5 35.Bxa6 d4 36.Rc7+ Kh6
37.Bd3 Be8 38.Rh7+ Kg5 39.Ne4+ Kf5 40.Nc5+ Kxe5 41.Nxb3 Bc6+ 42.Kg1 Rf3 43.Nc5 Rxg3+
44.Kf2 Rg2+ 45.Ke1 Rxb2 46.Rxh5+ Kd6 47.a4 e5 48.Ne4+ Bxe4 49.Bxe4 Ra2 50.Rh6+ Kc5
51.Rc6+ Kb4 52.Bc2 e4 53.Bd1 Ra1 54.Rc8 e3 55.Ke2 d3+ 56.Kxd3  1/2-1/2

[Event "Capablanca mem Premier I"]
[Site "Havana"]
[Date "1999.05.22"]
[Round "13"]
[White "Vallejo Pons, Francisco"]
[Black "Franco Ocampos, F."]
[Result "1/2-1/2"]
[WhiteElo "2494"]
[BlackElo "2463"]

1.d4 d5 2.c4 e6 3.Nc3 Nf6 4.cxd5 exd5 5.Bg5 Be7 6.e3 O-O 7.Nf3 c6 8.Bd3 Nbd7
9.O-O Re8 10.Qc2 Nf8 11.Bh4  1/2-1/2

[Event "Andorra la Vella op"]
[Site "Andorra la Vella"]
[Date "1999.06.29"]
[Round "4"]
[White "Marin, Mihail"]
[Black "Vallejo Pons, Francisco"]
[Result "1/2-1/2"]
[WhiteElo "2525"]
[BlackElo "2494"]

1.c4 f5 2.g3 Nf6 3.Bg2 g6 4.Nc3 Bg7 5.d4 d6 6.d5 c6 7.Nf3 O-O 8.O-O e5 9.dxe6 Bxe6
10.b3 Na6 11.Be3 Kh8 12.Rc1 Qe7 13.Bd4 d5 14.Bxf6 Qxf6 15.cxd5 Rad8 16.e4  1/2-1/2

[Event "Andorra la Vella op"]
[Site "Andorra la Vella"]
[Date "1999.06.30"]
[Round "5"]
[White "Vallejo Pons, Francisco"]
[Black "Lalic, Bogdan"]
[Result "1/2-1/2"]
[WhiteElo "2494"]
[BlackElo "2549"]

1.Nf3 Nf6 2.c4 e6 3.Nc3 d5 4.d4 Be7 5.Bg5 h6 6.Bh4 O-O 7.e3 Ne4 8.Bxe7 Qxe7
9.Rc1 Nf6 10.Bd3 Rd8 11.cxd5 exd5 12.Ne5 c5 13.O-O Nc6 14.Nxc6 bxc6 15.Re1 Bg4
16.f3 Be6 17.Na4 cxd4 18.exd4 Qb4 19.Rb1 Re8 20.a3 Qd6 21.Qd2 Re7 22.Nc5 Rae8
23.g3 Bc8 24.Rxe7 Rxe7 25.Re1 Nd7 26.Nxd7 Bxd7 27.Rxe7 Qxe7 28.Kf2 Qf6 29.Bc2 Bf5
30.Ba4  1/2-1/2

[Event "Andorra la Vella op"]
[Site "Andorra la Vella"]
[Date "1999.07.02"]
[Round "7"]
[White "Vallejo Pons, Francisco"]
[Black "Kulaots, Kaido"]
[Result "0-1"]
[WhiteElo "2494"]
[BlackElo "2426"]

1.e4 c5 2.Nf3 d6 3.d4 cxd4 4.Nxd4 Nf6 5.Nc3 a6 6.Be3 Ng4 7.Bg5 h6 8.Bh4 g5
9.Bg3 Bg7 10.Be2 h5 11.Bxg4 Bxg4 12.f3 Bd7 13.Bf2 Nc6 14.Qd2 Qa5 15.O-O-O Rg8
16.Kb1 Rc8 17.g3 Be6 18.f4 gxf4 19.Rhg1 f3 20.Rge1 Ne5 21.Nb3 Qc7 22.Bd4 Nc4
23.Qd3 Bxd4 24.Nxd4 Qb6 25.b3 Ne5 26.Qe3 Qa5 27.Na4 Nc4 28.Qf2 b5 29.Nb2 Na3+
30.Ka1 Nxc2+ 31.Nxc2 Bxb3 32.Nb4 Bxd1 33.Qd4 Rc1+  0-1

[Event "Aceimar op 6th"]
[Site "Mondariz Balneario"]
[Date "1999.07.31"]
[Round "5"]
[White "Gaprindashvili, Valerian"]
[Black "Vallejo Pons, Francisco"]
[Result "1-0"]
[WhiteElo "2390"]
[BlackElo "2519"]

1.d4 f5 2.Nc3 d5 3.Bf4 c6 4.Nf3 Nf6 5.e3 Be6 6.Bd3 g6 7.h4 h6 8.Ne5 Rg8 9.f3 Nbd7
10.Nxd7 Bxd7 11.Qd2 e6 12.e4 dxe4 13.fxe4 Qb6 14.O-O-O O-O-O 15.Rhe1 Ng4
16.Bc4 c5 17.exf5 gxf5 18.Nb5 cxd4 19.Nxd4 Bg7 20.Qc3 Qc5 21.b4 Bxd4 22.Rxd4 Qc6
23.b5 Qc5 24.Bd6  1-0

[Event "Aceimar op 6th"]
[Site "Mondariz Balneario"]
[Date "1999.08.01"]
[Round "6"]
[White "Vallejo Pons, Francisco"]
[Black "Hernandez, Yudania"]
[Result "1-0"]
[WhiteElo "2519"]
[BlackElo "2231"]

1.c4 Nf6 2.Nc3 e5 3.g3 Nc6 4.Bg2 Bb4 5.e4 d6 6.Nge2 Be6 7.d3 Qd7 8.h3 Ng8
9.a3 Bc5 10.f4 f6 11.b4 Bb6 12.Bb2 Nge7 13.Nd5 Bxd5 14.cxd5 Nd4 15.Bxd4 exd4
16.f5 g5 17.h4 Ng8 18.Bf3 Qe7 19.Bh5+ Kd8 20.O-O h6 21.Kg2 Qg7 22.Kh3 Ne7
23.Qd2 c5 24.Rab1 Nc8 25.a4 Rb8 26.Rfc1 Qe7 27.Bg6 Bc7 28.a5 b6 29.Qc2 Rg8
30.axb6 axb6 31.Ra1 Qd7 32.g4 Rg7 33.Ra6 Qb5 34.Ra2 Qd7 35.Ng1 Ne7 36.Bh5 Nc8
37.Nf3 Qb5 38.Bg6 Qxb4 39.Kg2 Qb5 40.Rh1 Qd7 41.hxg5 hxg5 42.Rh8+ Ke7 43.Nxd4 cxd4
44.Be8 Qd8 45.Bb5 Kf7 46.Rxd8 Bxd8 47.Bd7 Ne7 48.Be6+ Kf8 49.Qc4 Ng8 50.Qb4 Be7
51.Qxd4 Rh7 52.Ra7 Nh6 53.Rxe7 Kxe7 54.Qc3 Rb7 55.Qc6 Ra7 56.Qxb6 Ra2+ 57.Kg3 Nf7
58.Qc7+ Kf8 59.Qc8+ Ke7 60.Bxf7 Rxf7 61.e5 fxe5 62.Qe6+ Kf8 63.Qxd6+ Ke8
64.Qe6+ Kf8 65.Qh6+ Ke8 66.Qxg5 Raa7 67.f6 e4 68.Qg8+  1-0

[Event "Aceimar op 6th"]
[Site "Mondariz Balneario"]
[Date "1999.08.02"]
[Round "7"]
[White "Hernando Rodrigo, Julio Ant"]
[Black "Vallejo Pons, Francisco"]
[Result "0-1"]
[WhiteElo "2357"]
[BlackElo "2519"]

1.d4 Nf6 2.c4 e6 3.Nc3 Bb4 4.e3 b6 5.Bd3 Bb7 6.Ne2 Bxg2 7.Rg1 Be4 8.a3 Bxc3+
9.Nxc3 Bxd3 10.Qxd3 Nh5 11.e4 Nc6 12.d5 Ne5 13.Qe2 Qh4 14.Rg5 Nf4 15.Bxf4 Qxf4
16.Rxg7 Ng6 17.Qh5 h6 18.dxe6 dxe6 19.Qb5+ Kf8 20.Rxg6 fxg6 21.Rd1 Rh7 22.h3 Rf7
23.Rd2 Qh2 24.Kd1 Rxf2 25.Rxf2+ Qxf2 26.Qe5 Rd8+ 27.Kc1 Qf1+ 28.Kc2 Qxc4
29.Qf6+ Ke8 30.Qxg6+ Kd7 31.Qxh6 Kc8 32.Qg7 Qd3+ 33.Kb3 Qxh3 34.Qe5 Rd6 35.Ka2 Qd3
36.Qg7 Qc4+ 37.Kb1 Rd2 38.Qf8+ Kb7 39.Qf4 Qd3+ 40.Ka2 Qc2  0-1

[Event "Aceimar op 6th"]
[Site "Mondariz Balneario"]
[Date "1999.08.03"]
[Round "8"]
[White "Vallejo Pons, Francisco"]
[Black "Hernandez, Roman"]
[Result "1-0"]
[WhiteElo "2519"]
[BlackElo "2425"]

1.e4 c5 2.Nf3 Nc6 3.c3 d6 4.d4 Nf6 5.d5 Nb8 6.Bd3 g6 7.c4 Bg7 8.Nc3 O-O 9.Bg5 a6
10.O-O h6 11.Bf4 Nh5 12.Be3 e5 13.dxe6 Bxe6 14.Qd2 g5 15.Be2 Nf4 16.Bxf4 gxf4
17.Qxf4 Nc6 18.Rad1 Nd4 19.Nxd4 cxd4 20.Nb1 Qg5 21.Qxd6 Be5 22.Qa3 Rad8 23.g3 Qg7
24.Bd3 Bh3 25.f4 Bd6 26.Qa5 Kh8 27.Rf2 Rg8 28.Re1 Qg4 29.e5 Be7 30.Qb6 Qh4
31.Rg2 Bxg2 32.gxh4 Bc6+ 33.Kf1 Rg4 34.Nd2 Rxf4+ 35.Ke2 Rg8 36.Kd1 Bxh4 37.Rf1 Bf2
38.Qc7 Be3 39.Rxf4 Bxf4 40.Qxf7  1-0

[Event "Aceimar op 6th"]
[Site "Mondariz Balneario"]
[Date "1999.08.04"]
[Round "9"]
[White "Georgiev, Vladimir"]
[Black "Vallejo Pons, Francisco"]
[Result "1/2-1/2"]
[WhiteElo "2519"]
[BlackElo "2519"]

1.d4 Nf6 2.c4 e6 3.Nc3 Bb4 4.e3 b6 5.Bd3 Bb7 6.Nf3 Ne4 7.O-O Bxc3 8.bxc3 f5
9.Ne1 O-O 10.f3 Ng5 11.Rb1 d6 12.Qc2 Nd7 13.h4 Nf7 14.g3 Nh6 15.Ng2 e5 16.Bd2 Qe8
17.d5 Nc5 18.e4 fxe4 19.Bxe4 Nxe4 20.Qxe4 Nf5 21.Kh2 Qa4 22.Bg5 h6 23.g4 hxg5
24.gxf5 Bc8 25.Ne3 g6 26.Rg1 Bxf5 27.Nxf5 Rxf5 28.Rb2 Kf7 29.Rxg5 Rxg5 30.hxg5 Rh8+
31.Kg3 Qd1 32.Qg4 Qg1+ 33.Rg2 Qe1+ 34.Rf2 Qg1+  1/2-1/2

[Event "ESP-ch"]
[Site "Palencia"]
[Date "1999.08.19"]
[Round "1"]
[White "Vallejo Pons, Francisco"]
[Black "Carbonell Bofill, Carlos"]
[Result "1-0"]
[WhiteElo "2519"]
[BlackElo "2216"]

1.d4 e6 2.c4 b6 3.a3 d5 4.Nf3 c6 5.Nc3 Bd6 6.e4 dxc4 7.Bxc4 Ba6 8.Bxa6 Nxa6
9.O-O Ne7 10.Bg5 h6 11.Bh4 O-O 12.Qe2 Nb8 13.Rfd1 g5 14.Bg3 Bxg3 15.hxg3 Nd7
16.Rac1 Rc8 17.b4 b5 18.e5 Rc7 19.Nh2 Nb6 20.Ne4 Nbd5 21.Ng4 Kg7 22.Ngf6 Rh8
23.g4 Nf4 24.Qf3 Neg6 25.g3 Nd5 26.Nh5+ Kf8 27.Rc2 Qa8 28.Rdc1 a6 29.Nd6 Rh7
30.Nf6 Rh8 31.Nxd5 exd5 32.Rxc6  1-0

[Event "ESP-ch"]
[Site "Palencia"]
[Date "1999.08.20"]
[Round "2"]
[White "Gonzalez Velez, Fermin"]
[Black "Vallejo Pons, Francisco"]
[Result "0-1"]
[WhiteElo "2344"]
[BlackElo "2519"]

1.d4 d5 2.c4 c6 3.e3 Nf6 4.Nc3 g6 5.Nf3 Bg7 6.Bd2 O-O 7.Rc1 Bg4 8.cxd5 cxd5
9.Qb3 Bxf3 10.gxf3 Qd7 11.Na4 Nc6 12.Nc5 Qf5 13.Qxb7 Rfc8 14.Be2 e5 15.Nb3 Rab8
16.Qa6 Rb6 17.Qd3 Qh3 18.dxe5 Nxe5 19.Rxc8+ Qxc8 20.Qb1 Qh3 21.Nd4 Qg2 22.Rf1 Qxh2
23.b3 Nc6 24.Nxc6 Rxc6 25.Bb5 Rc8 26.Ba6 Rd8 27.Ba5 Re8 28.Qd3 Qg2 29.Bb5 Rc8
30.Kd2 Qxf3 31.Qe2 Ne4+ 32.Kd1  0-1

[Event "ESP-ch"]
[Site "Palencia"]
[Date "1999.08.21"]
[Round "3"]
[White "Vallejo Pons, Francisco"]
[Black "Arizmendi Martinez, Julen Luis"]
[Result "1/2-1/2"]
[WhiteElo "2519"]
[BlackElo "2465"]

1.d4 Nf6 2.Nf3 g6 3.c4 Bg7 4.Nc3 O-O 5.e4 d6 6.Be2 Na6 7.O-O e5 8.Re1 c6
9.Bf1 Bg4 10.d5 c5 11.a3 Kh8 12.Rb1 Ng8 13.b4 b6 14.Bd2 f6 15.Be2 Bd7 16.Qc1 Rf7
17.Nb5 Bc8 18.Bd1 Rb8 19.Ba4 Rbb7 20.h3 Rf8 21.Nc3 h6 22.Be3  1/2-1/2

[Event "ESP-ch"]
[Site "Palencia"]
[Date "1999.08.23"]
[Round "5"]
[White "Vallejo Pons, Francisco"]
[Black "Colas, Rafael P"]
[Result "1-0"]
[WhiteElo "2519"]
[BlackElo "2347"]

1.d4 d5 2.c4 Nc6 3.Nc3 dxc4 4.Nf3 Nf6 5.e3 Bg4 6.Bxc4 e6 7.h3 Bh5 8.a3 Bd6
9.Be2 O-O 10.g4 Bg6 11.h4 e5 12.h5 exd4 13.hxg6 dxc3 14.gxf7+ Kh8 15.g5 Ne4
16.Bd3 Qe7 17.Ne5 Qxg5 18.Bxe4  1-0

[Event "ESP-ch"]
[Site "Palencia"]
[Date "1999.08.24"]
[Round "6"]
[White "De la Villa Garcia, Jesus Maria"]
[Black "Vallejo Pons, Francisco"]
[Result "1/2-1/2"]
[WhiteElo "2473"]
[BlackElo "2519"]

1.e4 c5 2.Nf3 e6 3.d4 cxd4 4.Nxd4 a6 5.Bd3 g6 6.f4 Bg7 7.Nf3 Nc6 8.O-O d6
9.c3 Nf6 10.Kh1 O-O 11.Qe2 Qc7 12.Be3 e5 13.fxe5 Nxe5 14.Nbd2 Bg4 15.Bc2 Rae8
16.Qf2 Nxf3 17.gxf3 Be6 18.Bd4 Nh5 19.Bxg7 Kxg7 20.Qd4+ Kg8 21.f4 Qe7 22.Bd1 Qh4
23.Bxh5 Qxh5 24.Rae1 Bd7 25.Re3 Bc6 26.Kg1 Re6 27.f5 gxf5 28.Rxf5 Rg6+ 29.Rg3 Qe2
30.Qxd6 Bxe4 31.Nxe4 Qxe4 32.Rf2 Qb1+ 33.Kg2 Qxa2 34.Qd7 b5 35.Qc6 Qc4 36.Qxa6 Qd5+
37.Kg1 Re8 38.Qa7 Re1+ 39.Rf1 Re2 40.Rf2 Re1+ 41.Rf1 Rxf1+ 42.Kxf1 Qd1+ 43.Kg2  1/2-1/2

[Event "ESP-ch"]
[Site "Palencia"]
[Date "1999.08.26"]
[Round "8"]
[White "Bernal Moro, Luis Javier"]
[Black "Vallejo Pons, Francisco"]
[Result "1/2-1/2"]
[WhiteElo "2396"]
[BlackElo "2519"]

1.d4 Nf6 2.c4 e6 3.Nc3 Bb4 4.e3 b6 5.Bd3 Bb7 6.Nf3 Ne4 7.O-O Bxc3 8.bxc3 f5
9.Ne1 O-O 10.f3 Ng5 11.Nc2 d6 12.Qe2 Qf6 13.Bd2 Nd7 14.a4 Qg6 15.h4 Ne4 16.h5 Qe8
17.Bxe4 fxe4 18.f4 Nf6 19.g4 g6 20.h6 e5 21.fxe5 dxe5 22.a5 Bc8 23.Qg2 Nxg4
24.Rxf8+ Qxf8 25.axb6 cxb6 26.Nb4 Qxh6 27.Nd5 Bf5 28.Nc7 Rf8 29.Rxa7 Nf2
30.Qxf2 Bh3 31.Ra8 Bc8 32.Qg3 Qh5 33.Nd5 Rf3 34.Rxc8+ Kf7 35.Rc7+ Kf8 36.Rc8+ Kf7
37.Rc7+ Kf8 38.Rc8+ Kf7 39.Rc7+ Kf8 40.Rc8+  1/2-1/2

[Event "ESP-ch"]
[Site "Palencia"]
[Date "1999.08.27"]
[Round "9"]
[White "Vallejo Pons, Francisco"]
[Black "Martinez Martin, David"]
[Result "1-0"]
[WhiteElo "2519"]
[BlackElo "2390"]

1.g3 d5 2.Bg2 Nf6 3.f4 c6 4.Nf3 Qb6 5.Nc3 Nbd7 6.e3 g6 7.O-O Bg7 8.Kh1 h5
9.Qe1 Ng4 10.h3 Nh6 11.d3 e5 12.e4 d4 13.Ne2 c5 14.Rb1 Qc7 15.c3 b6 16.fxe5 Nxe5
17.Nxe5 Bxe5 18.cxd4 cxd4 19.Bf4 Bxf4 20.gxf4 O-O 21.Rc1 Qd7 22.f5 g5 23.h4 f6
24.hxg5 fxg5 25.Qd2 Qg7 26.Rc6 Rf6 27.Rxf6  1-0

[Event "Wch U20"]
[Site "Yerevan"]
[Date "1999.09.18"]
[Round "1"]
[White "Lipinsky, Fabian"]
[Black "Vallejo Pons, Francisco"]
[Result "1/2-1/2"]
[WhiteElo "2331"]
[BlackElo "2519"]

1.d4 d5 2.c4 c6 3.Nf3 e6 4.Nc3 Nf6 5.Bg5 h6 6.Bxf6 Qxf6 7.e3 Nd7 8.Bd3 dxc4
9.Bxc4 g6 10.O-O Bg7 11.Rc1 O-O 12.e4 e5 13.d5 Nb6 14.dxc6 bxc6 15.Be2 h5
16.Qc2 Bh6 17.Rcd1 Bg4 18.Rd3 Rfd8 19.Rfd1 Rxd3 20.Rxd3 Bf8  1/2-1/2

[Event "Wch U20"]
[Site "Yerevan"]
[Date "1999.09.22"]
[Round "5"]
[White "Vallejo Pons, Francisco"]
[Black "Chibukhchian, Artur"]
[Result "0-1"]
[WhiteElo "2519"]
[BlackElo "2413"]

1.d4 d5 2.c4 Nc6 3.Nc3 dxc4 4.Nf3 Nf6 5.e3 e5 6.d5 Ne7 7.Bxc4 Ng6 8.h4 Bd6
9.h5 Ne7 10.h6 g6 11.Ng5 O-O 12.a3 Bg4 13.f3 Bd7 14.b4 a6 15.Bb3 a5 16.b5 Kh8
17.e4 Nc8 18.g4 Bc5 19.Qd2 Nd6 20.Bb2 Qe7 21.O-O-O a4 22.Ba2 Nxb5 23.Nxb5 Bxb5
24.Kb1 Bxa3 25.f4 Bd6 26.Ne6 Nxg4 27.Rhg1 fxe6 28.Rxg4 exd5 29.Rg5 d4 30.fxe5 Bc5
31.e6 Bd3+ 32.Qxd3 Qxg5 33.Bxd4+ Rf6 34.Qc3 Bxd4 35.Qxd4 Qf4 36.Bd5 Re8 37.Bc4 c5
38.Qd7 Qxe4+ 39.Ka1 Qe5+ 40.Kb1 Qe4+ 41.Ka1 Rg8 42.Qe7 Qe5+ 43.Kb1 Rf2  0-1

[Event "Wch U20"]
[Site "Yerevan"]
[Date "1999.09.25"]
[Round "8"]
[White "Blehm, Pawel"]
[Black "Vallejo Pons, Francisco"]
[Result "1-0"]
[WhiteElo "2479"]
[BlackElo "2519"]

1.e4 c5 2.Nf3 d6 3.d4 Nf6 4.Nc3 cxd4 5.Nxd4 a6 6.Be3 Nc6 7.Be2 e6 8.Qd2 Bd7
9.f4 Qc7 10.g4 e5 11.Nf5 h5 12.g5 Nxe4 13.Nxg7+ Bxg7 14.Nxe4 O-O-O 15.O-O-O Bf5
16.Ng3 Bg6 17.f5 h4 18.fxg6 hxg3 19.gxf7 Qxf7 20.Kb1 Rxh2 21.Rxh2 gxh2 22.Bb6 Qf4
23.Qxf4 exf4 24.Bg4+ Kb8 25.Bxd8 Nxd8 26.Rh1 Nf7 27.g6 Ne5 28.Bh5 Kc7 29.Rxh2 Kd8
30.Rf2  1-0

[Event "Wch U20"]
[Site "Yerevan"]
[Date "1999.09.27"]
[Round "10"]
[White "Gaprindashvili, Valerian"]
[Black "Vallejo Pons, Francisco"]
[Result "0-1"]
[WhiteElo "2390"]
[BlackElo "2519"]

1.d4 Nf6 2.c4 e6 3.Nc3 Bb4 4.e3 b6 5.Ne2 Ba6 6.Ng3 O-O 7.Qf3 Nc6 8.Bd2 Na5
9.b3 c5 10.dxc5 bxc5 11.Rd1 Bb7 12.Qf4 Bc6 13.e4 d5 14.cxd5 exd5 15.exd5 Bxd5
16.Nxd5 Nxd5 17.Qf3 Nc6 18.Bc4 Nb6 19.Qxc6 Nxc4 20.Bxb4 Re8+ 21.Ne4 Qb6 22.Qxb6 Rxe4+
23.Kf1 axb6 24.Bc3 Na3 25.f3 Ree8 26.Bb2 Nc2 27.Rc1 Ne3+ 28.Kf2 Rxa2 29.Rb1 c4
30.Rhc1 c3 31.Rxc3 Rxb2+ 32.Rxb2 Nd1+  0-1

[Event "Wch U20"]
[Site "Yerevan"]
[Date "1999.09.29"]
[Round "12"]
[White "Smetankin, Stanislav"]
[Black "Vallejo Pons, Francisco"]
[Result "1-0"]
[WhiteElo "2385"]
[BlackElo "2519"]

1.e4 c5 2.Nf3 e6 3.d4 cxd4 4.Nxd4 a6 5.Bd3 g6 6.O-O Bg7 7.Nb3 Nc6 8.Nc3 d6
9.a4 b6 10.f4 Nf6 11.Qf3 Qc7 12.e5 dxe5 13.fxe5 Nd5 14.Nxd5 exd5 15.Bf4 Be6
16.Rae1 O-O 17.Qe3 b5 18.axb5 axb5 19.Qc5 Rfc8 20.Nd4 Bf8 21.Qxc6 Qa7 22.Qxb5 Qxd4+
23.Be3 Qxe5 24.Qb6 Bg7 25.Bc1 Qh5 26.Qf2 Qg4 27.Bf4 Bxb2 28.h3 Qh5 29.Kh2 Bc3
30.Rxe6  1-0